<?xml version="1.0" encoding="UTF-8"?>
<record
    xmlns:xsi="http://www.w3.org/2001/XMLSchema-instance"
    xsi:schemaLocation="http://www.loc.gov/MARC21/slim http://www.loc.gov/standards/marcxml/schema/MARC21slim.xsd"
    xmlns="http://www.loc.gov/MARC21/slim">

  <leader>01848nam a22002657a 4500</leader>
  <datafield tag="999" ind1=" " ind2=" ">
    <subfield code="c">22096</subfield>
    <subfield code="d">22096</subfield>
  </datafield>
  <controlfield tag="003">AR-CdUCM</controlfield>
  <controlfield tag="008">190425b           ||||| |||| 00| 0 spa d</controlfield>
  <datafield tag="040" ind1=" " ind2=" ">
    <subfield code="a">MUNICIPALIDAD PROVINCIAL DEL CUSCO</subfield>
    <subfield code="c">BIBLIOTECA MUNICIPAL DEL CUSCO</subfield>
  </datafield>
  <datafield tag="082" ind1=" " ind2=" ">
    <subfield code="a">Parlante/N&#xB0;104/2010</subfield>
  </datafield>
  <datafield tag="110" ind1=" " ind2=" ">
    <subfield code="a">Centro Guam&#xE1;n Poma de Ayala </subfield>
    <subfield code="9">20511</subfield>
  </datafield>
  <datafield tag="245" ind1=" " ind2=" ">
    <subfield code="a">Parlante :</subfield>
    <subfield code="b">Revista del Cusco /</subfield>
  </datafield>
  <datafield tag="260" ind1=" " ind2=" ">
    <subfield code="a">Cusco :</subfield>
    <subfield code="b">Centro de Educaci&#xF3;n y Comunicaci&#xF3;n Guam&#xE1;n Poma de Ayala,</subfield>
    <subfield code="c">2010.</subfield>
  </datafield>
  <datafield tag="300" ind1=" " ind2=" ">
    <subfield code="a">36 p&#xE1;ginas. :</subfield>
    <subfield code="b">ilustraciones ;</subfield>
    <subfield code="c">30 cm.</subfield>
  </datafield>
  <datafield tag="440" ind1=" " ind2=" ">
    <subfield code="a">Parlante revista del Cusco.</subfield>
    <subfield code="n">A&#xF1;o 25, N&#xB0;104, agosto 2010.</subfield>
    <subfield code="9">47437</subfield>
  </datafield>
  <datafield tag="505" ind1=" " ind2=" ">
    <subfield code="a">Contenido: La nueva modalidad de elecci&#xF3;n de los consejeros regionales avance o retroceso. Maria Isabel Remy. -- Midiendo la calidad de vida de los peruanos. -- &#xBF;La hora de los partidos regionales?. Luis Nieto Degregori. -- Basura en la mira. Jorge Alejandro Vargas Prado. -- Centro hist&#xF3;rico la visi&#xF3;n de los vecinos. Eldi Flores y Diana Hern&#xE1;ndez. -- &#xA1;J&#xF3;venes a la obra!. F&#xE9;lix Yanqui Pocohuanca. -- Invasi&#xF3;n publicitaria. -- Cusco ombligo de las ciencias de la tierra. -- Todos somos recicladores un proyecto piloto de segregaci&#xF3;n de basura. Rossana Vera Alarc&#xF3;n. -- Monet para la batalla a la desnutrici&#xF3;n. Lina Mesco Quillahuam&#xE1;n. -- &#xA1;Haciendo Click! la revoluci&#xF3;n de los blogs en Cusco. C&#xE9;sar Venero Torres. -- Desigualdad, etnicidad y conflicto entrevista a Rosemary Thorp. Carlos de los Rios. -- Historieta en quechua. Antucha yachay wasipi. Jaime Araoz.</subfield>
  </datafield>
  <datafield tag="650" ind1=" " ind2=" ">
    <subfield code="a">Actualidad y pol&#xED;tica</subfield>
    <subfield code="9">47410</subfield>
  </datafield>
  <datafield tag="650" ind1=" " ind2=" ">
    <subfield code="a">Centro Hist&#xF3;rico Cusco</subfield>
    <subfield code="9">46767</subfield>
  </datafield>
  <datafield tag="650" ind1=" " ind2=" ">
    <subfield code="a">Educaci&#xF3;n, cultura y deportes</subfield>
    <subfield code="9">47422</subfield>
  </datafield>
  <datafield tag="650" ind1=" " ind2=" ">
    <subfield code="a">Medio ambiente</subfield>
    <subfield code="9">47423</subfield>
  </datafield>
  <datafield tag="700" ind1=" " ind2=" ">
    <subfield code="a">Vargas Prado, Alejandro</subfield>
    <subfield code="9">47438</subfield>
  </datafield>
  <datafield tag="700" ind1=" " ind2=" ">
    <subfield code="a">Venero Torres, C&#xE9;sar</subfield>
    <subfield code="9">47439</subfield>
  </datafield>
  <datafield tag="710" ind1=" " ind2=" ">
    <subfield code="a">Centro Guam&#xE1;n Poma de Ayala</subfield>
    <subfield code="9">20511</subfield>
  </datafield>
  <datafield tag="942" ind1=" " ind2=" ">
    <subfield code="2">ddc</subfield>
    <subfield code="c">PP</subfield>
  </datafield>
  <datafield tag="945" ind1=" " ind2=" ">
    <subfield code="a">vhl</subfield>
  </datafield>
  <datafield tag="952" ind1=" " ind2=" ">
    <subfield code="0">0</subfield>
    <subfield code="2">ddc</subfield>
    <subfield code="4">0</subfield>
    <subfield code="7">0</subfield>
    <subfield code="a">HEM</subfield>
    <subfield code="b">HEM</subfield>
    <subfield code="c">CART</subfield>
    <subfield code="d">2022-03-04</subfield>
    <subfield code="o">Parlante/N&#xB0;104/2010</subfield>
    <subfield code="p">REVC000759</subfield>
    <subfield code="r">2022-03-04</subfield>
    <subfield code="y">PP</subfield>
  </datafield>
</record>
